|
|
|
|
| LEADER |
00000nam a2200000 4500 |
| 001 |
vtls012254318 |
| 003 |
SK-MaSNL |
| 005 |
20260505154110.0 |
| 008 |
240410s2023 xr hac f nf 011 0 cze |
| 015 |
|
|
|a SNBZSA2026/05
|
| 020 |
|
|
|a 9788070507926
|q (viazané)
|
| 040 |
|
|
|a SNK
|b slo
|c SNK
|e rda
|
| 041 |
0 |
|
|a cze
|a eng
|b cze
|b eng
|
| 043 |
|
|
|a e-xr---
|b e-xr-pg
|
| 044 |
|
|
|a xr
|c CZ
|
| 072 |
|
7 |
|a 027
|x Univerzálne knižnice. Verejné knižnice
|2 konspekt
|
| 080 |
|
|
|a 027.021
|2 2011
|
| 080 |
|
|
|a 80(=16)+908(4)
|2 2011
|
| 080 |
|
|
|a 026/027(091)
|2 2011
|
| 080 |
|
|
|a 025
|2 2011
|
| 080 |
|
|
|a 024.5/.6
|2 2011
|
| 080 |
|
|
|a (437.3)
|2 2011
|
| 080 |
|
|
|a (437.311)
|2 2011
|
| 080 |
|
|
|a (048.8)
|2 2011
|
| 080 |
|
|
|a (082.2)
|2 2011
|
| 100 |
1 |
|
|a Babka, Lukáš,
|d 1977-
|4 aut
|9 302777
|
| 245 |
1 |
0 |
|a Slovanská knihovna 1924-2024
|b (průvodce po dějinách, fondech a službách)
|c Lukáš Babka ; překlad: Rita Lyons Kindlerová, Pat Lyons
|
| 246 |
3 |
1 |
|a Slavonic Library, Prague 1924-2024
|b (a guide to its history, funds and services)
|
| 250 |
|
|
|a První vydání
|
| 264 |
|
1 |
|a Praha
|b Národní knihovna České republiky - Slovanská knihovna
|c 2023
|
| 300 |
|
|
|a 333 strán
|b faksimile, ilustrácie (niektoré farebné), portréty
|c 28 cm
|
| 336 |
|
|
|a text
|b txt
|2 rdacontent
|
| 337 |
|
|
|a bez média
|b n
|2 rdamedia
|
| 338 |
|
|
|a zväzok
|b nc
|2 rdacarrier
|
| 490 |
1 |
|
|a Publikace Slovanské knihovny
|v 88
|
| 500 |
|
|
|a Nad názvom: Národní knihovna České republiky - Slovanská knihovna
|
| 504 |
|
|
|a Obsahuje bibliografiu na strane 303-324, bibliografické odkazy a menný register
|
| 546 |
|
|
|a Súbežný anglický text, české a anglické resumé
|
| 610 |
2 |
7 |
|a Národní knihovna České republiky.
|b Slovanská knihovna
|2 SNKKA
|9 115598
|
| 648 |
|
7 |
|a 20.-21. storočie
|2 SNKPH
|9 302531
|
| 648 |
|
7 |
|a 1924-2024
|2 SNKPH
|9 302778
|
| 648 |
|
7 |
|a 20th - 21st centuries
|2 SNKPHeng
|9 306687
|
| 650 |
0 |
7 |
|a vedecké knižnice
|2 SNKPH
|9 49795
|
| 650 |
0 |
7 |
|a slavistika
|2 SNKPH
|9 4282
|
| 650 |
0 |
7 |
|a dejiny knižníc
|2 SNKPH
|9 60304
|
| 650 |
0 |
7 |
|a knižničné fondy
|2 SNKPH
|9 1300
|
| 650 |
0 |
7 |
|a knižničné služby
|2 SNKPH
|9 64475
|
| 650 |
0 |
7 |
|a Research libraries
|2 SNKPHeng
|9 267292
|
| 650 |
0 |
7 |
|a Slavic studies
|2 SNKPHeng
|9 266256
|
| 650 |
0 |
7 |
|a History of libraries
|2 SNKPHeng
|9 293921
|
| 650 |
0 |
7 |
|a Library collections
|2 SNKPHeng
|9 302779
|
| 650 |
0 |
7 |
|a Library services
|2 SNKPHeng
|9 302780
|
| 651 |
|
7 |
|a Česko
|2 SNKPHgeo
|9 16753
|
| 651 |
|
7 |
|a Praha 1 (Česko)
|2 SNKPHgeo
|9 218971
|
| 651 |
|
7 |
|a Czechia
|2 SNKPHeng
|9 170107
|
| 651 |
|
7 |
|a Praha 1 (Czechia)
|2 SNKPHeng
|9 266935
|
| 655 |
|
7 |
|a monografie
|2 SNKPH
|9 70139
|
| 655 |
|
7 |
|a jubilejné publikácie
|2 SNKPH
|9 70339
|
| 655 |
|
7 |
|a Monographs
|2 SNKPHeng
|9 120675
|
| 655 |
|
7 |
|a Jubilee books
|2 SNKPHeng
|9 281827
|
| 700 |
1 |
|
|a Lyons Kindlerová, Rita,
|d 1974-
|4 trl
|9 302781
|
| 700 |
1 |
|
|a Lyons, Pat,
|d 1969-
|4 trl
|9 302782
|
| 710 |
2 |
|
|a Národní knihovna České republiky.
|b Slovanská knihovna
|4 pbl
|9 115598
|
| 830 |
|
0 |
|a Publikace Slovanské knihovny
|9 302785
|
| 852 |
|
|
|a Slovenská národná knižnica
|
| 919 |
|
|
|a 978-80-7050-792-6
|
| 954 |
|
|
|a odborná, vedecká literatúra cudzojazyčná (svetová)
|2 lita
|
| 958 |
|
|
|a NB
|
| 958 |
|
|
|a ZS
|
| 958 |
|
|
|a CZ
|
| 999 |
|
|
|c 558603
|d 560533
|
| 952 |
|
|
|a SNK
|b SNK
|y NEVYP
|7 1
|p 17A1554280
|o snkSB 100964
|i snk2024/16572
|8 2
|g 13.75
|0 0
|1 0
|4 0
|d 2024-05-13
|l 0
|r 2026-02-23 13:33:14
|w 2026-02-23
|
| 952 |
|
|
|a SNK
|b SNK
|y VYP
|7 0
|p 17A1577307
|o snkSB 100964 D1
|i snk2025/15452
|8 4
|g 13.89
|0 0
|1 0
|4 0
|d 2024-04-10
|l 0
|r 2026-02-23 13:33:14
|w 2026-02-23
|
| 952 |
|
|
|t BAB 027
|a SNK
|b SNK
|c SNK_STHKF
|y PREZ
|7 0
|p 17A1577840
|o snkSB 100964 D2
|i snk2025/19574
|8 4
|g 14.10
|0 0
|1 0
|4 0
|d 2024-07-15
|l 0
|r 2026-02-23 13:33:14
|w 2026-02-23
|